LEADER 00887nam a2200241 u 4500 001 000000071720 003 CaOOAMICUS 005 20070226122149.0 008 020603s1915 dk u000 u dan u 035 $a10931824 040 $aPUL(R)$bita 100 1 $aBergson, Henri,$d1859-1941.$0(OLS)http://pul/name/16388 245 10$aDen Skabende Udvikling /$cHenri Bergson. 260 $aKobenhaun :$bG.E.C. Gads Forlag,$c1915. 300 $a319 p. ;$c30 cm 500 $aContiene indice. 504 $aBibliografia in nota. 850 $aPUL 852 $aPUL$W1$xDP1 Cons. Gen., Altre Classi 1$y22$m929 D 11$j92783$nBK-PRI$b $qStampati$B92783$CPULBib$Z2$F92783 $H $81 941 1 $a8 961 $aINV: 18306 996 $6245$aDen Skabende Udvikling$9(OLS)http://pul/title/94395 996 $6260$aKobenhaun :$bG.E.C. Gads Forlag$9(OLS)http://pul/publisher/73678 LEADER 01344nam a2200301 u 4500 001 000000075369 003 CaOOAMICUS 005 20070226123107.0 008 030623s1999 it u000 u ita u 020 $a8871525418 035 $a10964959 040 $aMSA$bita 041 0 $aita$hger 100 1 $aBuber, Martin,$d1878-1965.$0(OLS)http://pul/name/5557 240 10$aRecht und Unrecht.$lItaliano.$0(OLS)http://pul/title/98883 245 13$aIl cammino del giusto :$briflessione su alcuni salmi /$cMartin Buber ; presentazione di Gianfranco Ravasi ; edizione italiana a cura di Teresa Franzosi. 260 $aMilano :$bGribaudi,$c1999. 300 $a85 p. ;$c19 cm 650 4$aUomo (filosofia).$0(OLS)http://pul/subject/436 650 4$aSpiritualitą ebraica.$0(OLS)http://pul/subject/19879 700 1 $aFranzosi, Teresa.$0(OLS)http://pul/name/39704 700 1 $aRavasi, Gianfranco,$ccard.,$d1942-$0(OLS)http://pul/name/17144 850 $aPUL 852 $aPUL$W1$xSL Religione 3$y85$m242 BUBNA 1$j97010$nBK-PRI$qDDC 21$B97010$CPULBib$Z2$F97010 $HPUL97705 $82 941 1 $a9 996 $6020$a8871525418$9(OLS)http://pul/number/98283 996 $6245$aIl cammino del giusto :$briflessione su alcuni salmi$9(OLS)http://pul/title/98884 996 $6260$aMilano :$bGribaudi$9(OLS)http://pul/publisher/61374